| 000 | 00341nam a2200133Ia 4500 | ||
|---|---|---|---|
| 008 | 240624s9999 xx 000 0 und d | ||
| 041 | _aeng | ||
| 082 | _a920 SEM | ||
| 100 | _aSEMLER RICARDO | ||
| 245 | _aMAVERICK THE SUCCESS STORY BEHIND THE WO | ||
| 260 |
_c1995 _aNew York _bWarners Books |
||
| 300 | _a335 : p. : cm. ; 20 | ||
| 365 |
_c _b20 |
||
| 999 |
_c7293 _d7293 |
||